| 000 | 00412nam a2200181Ia 4500 | ||
|---|---|---|---|
| 008 | 210210b2005 xxu||||| |||| 00| 0 eng d | ||
| 020 | _a9780143104087 | ||
| 041 | _aeng | ||
| 082 | _a820.43 SETT | ||
| 100 | _aSETH (Vikram) | ||
| 245 | _aTwo lives | ||
| 260 |
_aNew Delhi _bPenguin Books _c2005 |
||
| 300 | _a503 | ||
| 650 | _aTwo | ||
| 650 | _alives | ||
| 690 | _aIndian English Prose | ||
| 906 | _a062796 | ||
| 999 |
_c129875 _d129875 |
||